Footballeurs par image - Brésil - Statistiques

Statistiques générales
  • Ce quiz a été pris 324 fois
  • Le résultat moyen est 11 sur 16
Statistiques - réponses
Par images Réponse % Correct
Ronaldinho
100%
Neymar
99%
Pelé
99%
Ronaldo
99%
Vinicius Junior
96%
Marquinhos
93%
Roberto Carlos
89%
Casemiro
86%
Cafu
83%
Zico
63%
Dida
61%
Julio Cesar
53%
Romario
50%
Bebeto
23%
Estevao Willian
19%
Edmilson
8%
Aucun quiz correspondant
Distribution des résultats
% des personnes avec chaque résultat
Percentile par nombre de réponses
Votre historique - résultats
Vous n’avez pas pris ce quiz